Biblioteka Instytutu Północnego w Olsztynie

Solidarność Walcząca / (Rekord nr 27898)

Szczegóły MARC
000 -Nagłówek
fixed length control field 02173cam a2200517 i 4500
001 - Nr kontrolny bibl., która utworzyła rek.
control field xx004925730
003 - Siglum bibl., której nr kontr. jest w 001
control field NUKAT
005 - Data i czas ostatniej operacji
control field 20260430122047.0
008 - Elementy pola stałej długości
fixed length control field 200814s2020 pl a |000 0dpol c
020 ## - ISBN
ISBN 9788380989443
dopowiedzenie (oprawa twarda) :
warunki dostępności zł 35,00
035 ## - Systemowy numer kontrolny
systemowy numer kontrolny (OCoLC)1192548686
035 ## - Systemowy numer kontrolny
systemowy numer kontrolny (NUKAT)xx004925730
040 ## - Instytucja sporządzająca opis
Instytucja, która sporządziła opis KAT U/DL
język katalgowania-trzyzn. kod pol
zasady opisu rda
Instytucja, która sporządziła rekord KAT U/DLs
Instytucja, która zmodyfikowała rekord KAT U/DL
-- WR O/KB
-- WA 14/MBs
-- OLSZT 008/bak
045 2# - Okres czasu dla zawartości
czas między r. 9999 pne a nasz. czas. d1968
-- d1989
046 ## - Kod rodz. daty, data1, data2 (daty pne)
Begin/single date 2020
Single or starting date for aggregated content 20XX
Date source edtf
100 1# - Hasło główne-nazwa osobowa
Nazwa osobowa Surdy, Grzegorz
Daty biograficzne (1962- ).
rodzaj współpracy Autor
9 (RLIN) 41002
245 10 - Tytuł właściwy i oznaczenie odpow.
tytuł Solidarność Walcząca /
dod. inf. ze s. tyt./ozn. odpow. Grzegorz Surdy, Krzysztof Brożek.
260 ## - Adres wydawniczy
miejsce wydania, dystrybucji itp. Warszawa :
nazwa wydawcy, dystrybutora itp. Instytut Pamięci Narodowej. Komisja Ścigania Zbrodni przeciwko Narodowi Polskiemu,
data wydania, dystrybucji itp. 2020.
300 ## - Opis fizyczny
objętość i/lub forma materiału 304 strony :
inne szczegóły opisu fizycznego ilustracje kolorowe ;
format 24 cm.
336 ## - Content Type
Term Tekst
Code txt
Source rdacontent
337 ## - Media Type
Term Bez urządzenia pośredniczącego
Code n
Source rdamedia
338 ## - Carrier Type
Term Wolumin
Code nc
Source rdacarrier
380 ## - Form of work
Form of work Książki
380 ## - Form of work
Form of work Literatura faktu, eseje, publicystyka
380 ## - Form of work
Form of work Publikacje popularnonaukowe
388 1# - TIME PERIOD OF CREATION
Time period of creation term 2001-
490 1# - Tytuł serii i ks. wielotom.-nie do wysz.
oznaczenie serii Centralny Projekt Badawczy IPN "Solidarność" i Opór Społeczny w PRL 1956-1989
536 ## - Uwaga o finansowaniu dokumentu
tekst uwagi Centralny Projekt Badawczy IPN, "Solidarność" i opór społeczny w PRL 1956-1989
610 27 - Hasło przedmiotowe-nazwa ciała zbior.
nazwa ciała zbior. lub geogr. Solidarność Walcząca
źródło hasła DBN
9 (RLIN) 39082
610 27 - Hasło przedmiotowe-nazwa ciała zbior.
nazwa ciała zbior. lub geogr. Solidarność Walcząca.
źródło hasła kaba
9 (RLIN) 41005
610 27 - Hasło przedmiotowe-nazwa ciała zbior.
nazwa ciała zbior. lub geogr. Solidarność Walcząca
określnik formy relacje osobiste.
źródło hasła kaba
9 (RLIN) 41004
648 #7 - SUBJECT ADDED ENTRY--CHRONOLOGICAL TERM
Chronological term 1901-2000
Source of heading or term DBN
9 (RLIN) 34996
648 #7 - SUBJECT ADDED ENTRY--CHRONOLOGICAL TERM
Chronological term 1945-1989
Source of heading or term DBN
9 (RLIN) 36043
650 #7 - Hasło przedmiotowe-nazwa pospolita
nazwa pospolita lub geogr. Opozycja polityczna nielegalna
źródło hasła DBN
9 (RLIN) 36914
650 #7 - Hasło przedmiotowe-nazwa pospolita
nazwa pospolita lub geogr. Stan wojenny w Polsce (1981-1983)
źródło hasła DBN
9 (RLIN) 36916
651 #7 - Hasło przedmiotowe-nazwa geogr.
nazwa geograficzna Polska
źródło hasła DBN
9 (RLIN) 35076
655 #7 - Termin określający rodzaj/formę
rodzaj/forma Antologia
źródło terminu DBN
9 (RLIN) 34961
655 #7 - Termin określający rodzaj/formę
rodzaj/forma Pamiętniki i wspomnienia
źródło terminu DBN
9 (RLIN) 35005
655 #7 - Termin określający rodzaj/formę
rodzaj/forma Wywiad dziennikarski
źródło terminu DBN
9 (RLIN) 35092
658 ## - Nazwa określająca cel programu nauczania
główny cel programu nauczania Historia
700 1# - Hasło dodatkowe - nazwa osobowa
nazwa osobowa Brożek, Krzysztof.
rodzaj współpracy Autor
9 (RLIN) 41003
710 2# - Hasło dodatkowe - nazwa ciała zbior.
nazwa ciała zbior. lub nazwa geogr. Instytut Pamięci Narodowej - Komisja Ścigania Zbrodni przeciwko Narodowi Polskiemu.
rodzaj współpracy Wydawca
kod rodzaju współpracy pbl
9 (RLIN) 11792
830 #0 - Hasło dod. serii i op. ks. wielotom. -tyt
tytuł "Solidarność" i Opór Społeczny w PRL 1956-1989
9 (RLIN) 41001
920 ## - ISBN
ISBN 978-83-8098-944-3 (oprawa twarda) : zł 35,00
942 ## - ADDED ENTRY ELEMENTS (KOHA)
Source of classification or shelving scheme Dewey Decimal Classification
Koha item type pozycje dostępne na miejscu
Egzemplarze
Status wycofania Status zagubienia Klasyfikacja Status uszkodzenia Blokada wypożyczeń Kolekcja Lokalizacja macierzysta Lokalizacja bieżąca Data nabycia Numer akcesji Źródło akcesji Cena Nr inwentarzowy il. wypożyczeń Sygnatura Kod kreskowy Date last seen Price effective from Typ egz.
    Dewey Decimal Classification nieuszkodzona   książka w magazynie Biblioteka Instytutu Północnego w Olsztynie Biblioteka Instytutu Północnego w Olsztynie 30/11/2020 D-36/2020 dar 35.00 59987   59987 IPWK24091 30/04/2026 30/04/2026 pozycje dostępne na miejscu
Biblioteka Instytutu Północnego, ul. Partyzantów 87, 10-402 Olsztyn, email: biblioteka(at)ip.olsztyn.pl